Learning to use visual basic for standard grade computing. [electronic resource] (Record no. 80465)
[ view plain ]
| 000 -LEADER | |
|---|---|
| fixed length control field | 00744nam a2200181 a 4500 |
| 008 - FIXED-LENGTH DATA ELEMENTS--GENERAL INFORMATION | |
| fixed length control field | 120208c20039999xx |||||||||||||| || u |
| 050 ## - LIBRARY OF CONGRESS CALL NUMBER | |
| Classification number | CD/QA 76.65 Hol |
| 100 ## - MAIN ENTRY--PERSONAL NAME | |
| Personal name | Holmes, Abe |
| 245 10 - TITLE STATEMENT | |
| Title | Learning to use visual basic for standard grade computing. [electronic resource] |
| Medium | [cd-rom] |
| 260 ## - PUBLICATION, DISTRIBUTION, ETC. | |
| Place of publication, distribution, etc. | |
| Name of publisher, distributor, etc. | Heinemann |
| Date of publication, distribution, etc. | 2003 |
| 300 ## - PHYSICAL DESCRIPTION | |
| Extent | 4.75 in. |
| 350 ## - | |
| -- | 0.00 |
| 650 ## - SUBJECT ADDED ENTRY--TOPICAL TERM | |
| Topical term or geographic name entry element | COMPUTING |
| 650 ## - SUBJECT ADDED ENTRY--TOPICAL TERM | |
| Topical term or geographic name entry element | COMPUTING SYSTEMS |
| 650 ## - SUBJECT ADDED ENTRY--TOPICAL TERM | |
| Topical term or geographic name entry element | VISUAL BASICS |
| 995 ## - | |
| -- | e-RESOURCES |
| -- | 20140106 |
| -- | CBU-MAIN LIBRARY (Kitwe) |
| -- | 0.00 |
| -- | CD/QA 76.65 Hol |
| -- | 2 |
| -- | AVAILABLE |
| -- | Apr 22, 2016 |
| -- | 20140106 |
| -- | e-Media Collection |
| 995 ## - | |
| -- | e-RESOURCES |
| -- | 0.00 |
| -- | 03008512 |
| -- | CBU-MAIN LIBRARY (Kitwe) |
| -- | 1 |
| -- | 0.00 |
| -- | CD/QA 76.65 Hol |
| -- | 1 |
| -- | AVAILABLE |
| -- | Feb 8, 2012 |
| -- | Z03008512 |
| -- | e-Media Collection |
| 999 ## - | |
| -- | 80465 |
| -- | 80465 |
| Withdrawn status | Lost status | Source of classification or shelving scheme | Damaged status | Not for loan | Permanent Location | Current Location | Shelving location | Date acquired | Total Checkouts | Full call number | Barcode | Date last seen | Copy number | Price effective from | Koha item type |
|---|---|---|---|---|---|---|---|---|---|---|---|---|---|---|---|
| CBU-MAIN LIBRARY, KITWE. | CBU-MAIN LIBRARY, KITWE. | 06/30/2023 | CD/QA 76.65 Hol | 20140106 | 06/30/2023 | 1 | 06/30/2023 | DVD/CD-ROM | |||||||
| CBU-MAIN LIBRARY, KITWE. | CBU-MAIN LIBRARY, KITWE. | 06/30/2023 | CD/QA 76.65 Hol | Z03008512 | 06/30/2023 | 2 | 06/30/2023 | DVD/CD-ROM |